• 首页
  • 本馆介绍
  • 公告通知
  • 最新文献
  • 馆藏检索
  • 电子资源
  • 读者导购
  • 参考咨询
  • 我的图书馆
  • 登录
  • 详细信息显示
  • 放入我的书架
  • 预约/预借图书
  • 作者相关作品
  • 分类相关作品
  • 丛书相关作品
  • 出版社相关作品

书目信息

  • 表格格式
  • 工作单格式
  • 卡片格式
题名:
松柏足球考级训练法
    
 
作者: 刘松柏 , 刘径 著
分册:  
出版信息: 北京   现代出版社  2018
页数: 154页
开本: 24cm
丛书名:
单 册:
中图分类: G843.2-64
科图分类:
主题词: 足球运动--运动训练--图解
电子资源:
ISBN: 978-7-5143-6833-8
000 00802nam0 2200241 450
001 012001003665
005 20140114084144.0
010    @a978-7-5143-6833-8@dCNY58.00
100    @a20181129d2018 em y0chiy50 ea
101 0  @achi
102    @aCN@b110000
105    @aa z 000yy
106    @ar
200 1  @a松柏足球考级训练法@Asong bai zu qiu kao ji xun lian fa@e完全图解@e1-10级@f刘松柏,刘径著
210    @a北京@c现代出版社@d2018
215    @a154页@d24cm
330    @a本书将足球个人技术拆分为颠球、盘带、传接、射门、综合训练等项目,按从易到难共分成十级,逐级提升队员的个人技术能力。
606 0  @a足球运动@x运动训练@j图解
690    @aG843.2-64@v5
701  0 @a刘松柏@Aliu song bai@4著
701  0 @a刘径@Aliu jing@4著
801    @b江苏凤凰@c20191020
905    @b1236708-13@dG843.2-64@e572@f6
    
    松柏足球考级训练法:完全图解:1-10级/刘松柏,刘径著.-北京:现代出版社,2018
    154页;24cm
    
    
    ISBN 978-7-5143-6833-8:CNY58.00
    本书将足球个人技术拆分为颠球、盘带、传接、射门、综合训练等项目,按从易到难共分成十级,逐级提升队员的个人技术能力。
●
相关链接 在E读中查询图书 在五车中查询图书 在当当中查询图书 在豆瓣中查询图书


正题名:松柏足球考级训练法     索取号:G843.2-64/572         预约/预借

序号 登录号 条形码 馆藏地/架位号 状态 备注
1 1236708   212367080   第一样本阅览室/ [索取号:G843.2-64/572] 在馆    
2 1236709   212367099   教育系资料室/ [索取号:G843.2-64/572] 在馆    
3 1236710   212367106   教育系资料室/ [索取号:G843.2-64/572] 在馆    
4 1236711   212367115   第四借阅区/ [索取号:G843.2-64/572] 在馆    
5 1236712   212367124   第四借阅区/ [索取号:G843.2-64/572] 在馆    
6 1236713   212367133   第四借阅区/ [索取号:G843.2-64/572] 在馆    
唐山师范学院图书馆 欢迎您!
大连网信软件有限公司© 版权所有